[Event "77. ljubljanska liga 2025"]
[Site "Gostovanja"]
[Date "2025.03.13"]
[Round "6.1"]
[White "Zlindra, Aljaz"]
[Black "Bohorc, Edo"]
[Result "1-0"]
[WhiteElo "1904"]
[BlackElo "2009"]
[PlyCount "77"]
[EventDate "2025.01.16"]
[WhiteTeam "SD VRHNIKA"]
[BlackTeam "SD CRNI GRABEN"]

1. e4 e6 2. d4 d5 3. Nc3 dxe4 4. Nxe4 Nd7 5. c3 Be7 6. Bd3 Ngf6 7. Nxf6+ Nxf6
8. Nf3 b6 9. Ne5 Bd7 10. O-O O-O 11. Bg5 c5 12. dxc5 bxc5 13. Bxf6 Bxf6 14.
Nxd7 Re8 15. Nxc5 Rb8 16. Qc2 h6 17. Rad1 Qe7 18. Nd7 Rb7 19. Nxf6+ Qxf6 20. b3
g6 21. g3 Kg7 22. Be4 Rc7 23. c4 Kh7 24. c5 Qe7 25. c6 f5 26. Bg2 e5 27. Rd2 e4
28. Rfd1 Qe6 29. Rd7+ Re7 30. Rxe7+ Qxe7 31. h3 Qe6 32. Rc1 h5 33. b4 a6 34.
Qc4 Qe7 35. a4 e3 36. fxe3 Qxe3+ 37. Kh2 g5 38. Qc5 Qe6 39. b5 1-0

[Event "77. ljubljanska liga 2025"]
[Site "Gostovanja"]
[Date "2025.03.13"]
[Round "6.1"]
[White "Skok, Boris"]
[Black "Vodnik, Val"]
[Result "1/2-1/2"]
[WhiteElo "1934"]
[BlackElo "1864"]
[PlyCount "83"]
[EventDate "2025.01.16"]
[WhiteTeam "SD CRNI GRABEN"]
[BlackTeam "SD VRHNIKA"]

1. d4 d5 2. c4 c6 3. Nf3 Nf6 4. cxd5 cxd5 5. Nc3 Nc6 6. Bf4 Nh5 7. Bd2 Bg4 8.
Ne5 Be6 9. e4 Nf6 10. Bb5 Rc8 11. Qa4 a6 12. Nxc6 axb5 13. Nxd8 bxa4 14. Nxe6
fxe6 15. e5 Ne4 16. f3 Nxc3 17. bxc3 b5 18. Rb1 Rb8 19. Ke2 Kd7 20. Rb4 Kc6 21.
Rhb1 Rb7 22. h4 g6 23. h5 Bg7 24. Rh1 Rbb8 25. h6 Bf8 26. Bg5 Rg8 27. Rh4 Kd7
28. Rh1 Kc6 29. Kd3 Rh8 30. Rhb1 Rb7 31. Kc2 Rg8 32. g4 Rh8 33. Bd2 Rg8 34. g5
Rh8 35. Kb2 Rg8 36. Rh1 Rh8 37. Ka3 Rg8 38. Rh4 Rh8 39. Rf4 Rg8 40. Rb1 Rh8 41.
Rf7 Rb8 42. Rh1 {nejasno (87)} 1/2-1/2

[Event "77. ljubljanska liga 2025"]
[Site "Gostovanja"]
[Date "2025.03.13"]
[Round "6.1"]
[White "Omahen, Gasper"]
[Black "Majcen, Zoran"]
[Result "1/2-1/2"]
[WhiteElo "1930"]
[BlackElo "1889"]
[PlyCount "119"]
[EventDate "2025.01.16"]
[WhiteTeam "SD VRHNIKA"]
[BlackTeam "SD CRNI GRABEN"]

1. e4 e6 2. d4 d5 3. Nd2 dxe4 4. Nxe4 Nd7 5. Bd3 Ngf6 6. Nxf6+ Nxf6 7. Nf3 c5
8. O-O cxd4 9. Nxd4 Bc5 10. Nb3 Be7 11. Qe2 O-O 12. Rd1 Qc7 13. Bg5 Nd5 14. Qh5
g6 15. Qh4 Bxg5 16. Qxg5 Bd7 17. Be4 Bc6 18. Nd4 Rad8 19. Rd3 Qf4 20. Qxf4 Nxf4
21. Nxc6 Rxd3 22. Ne7+ Kg7 23. cxd3 Re8 24. Nxg6 hxg6 25. g3 Nh5 26. Rc1 Re7
27. f4 Rd7 28. Kf2 Nf6 29. Kf3 Ne8 30. Ke3 Nd6 31. h3 Re7 32. d4 Kf6 33. g4 Kg7
34. g5 Kf8 35. b4 Ke8 36. a4 b6 37. b5 Kd8 38. Bc6 Rc7 39. Kd3 Ke7 40. Re1 Kf8
41. d5 exd5 42. Kd4 Nf5+ 43. Kxd5 Re7 44. Re5 Ne3+ 45. Ke4 Nd1 46. Rxe7 Kxe7
47. Ke5 Nf2 48. h4 Nd3+ 49. Ke4 Nc5+ 50. Kf3 Nxa4 51. f5 Nc5 52. Kg4 a6 53.
bxa6 Nxa6 54. Be4 gxf5+ 55. Bxf5 Kf8 56. h5 Kg7 57. h6+ Kf8 58. Bd3 Nc5 59. Bc4
b5 60. Bxb5 1/2-1/2

[Event "77. ljubljanska liga 2025"]
[Site "Gostovanja"]
[Date "2025.03.13"]
[Round "6.1"]
[White "Arlic, Nejc"]
[Black "Redek, Leon"]
[Result "0-1"]
[WhiteElo "1871"]
[BlackElo "1696"]
[PlyCount "108"]
[EventDate "2025.01.16"]
[WhiteTeam "SD CRNI GRABEN"]
[BlackTeam "SD VRHNIKA"]

1. e4 d6 2. d4 Nf6 3. Bd3 g6 4. Nf3 Bg7 5. c3 O-O 6. O-O Nbd7 7. Bf4 c5 8. Nbd2
Re8 9. d5 Ng4 10. h3 Nge5 11. Be2 a6 12. a4 b6 13. Nc4 Nxf3+ 14. Bxf3 Bb7 15.
Qc2 Qc7 16. Qb3 Rab8 17. Bg4 Nf6 18. Bf3 b5 19. Ne3 Ba8 20. Qc2 Nd7 21. Be2 c4
22. axb5 axb5 23. Ra2 Bb7 24. b4 Ra8 25. Rfa1 Rxa2 26. Rxa2 Ra8 27. Nd1 Qb8 28.
Be3 Bc8 29. f4 Qb7 30. Bf3 Rxa2 31. Qxa2 Qa6 32. Qxa6 Bxa6 33. Kf2 Bb7 34. g4
f5 35. exf5 Nf6 36. Bd4 Bxd5 37. Bxf6 Bxf3 38. Kxf3 Bxf6 39. fxg6 hxg6 40. Ke4
Kf7 41. Kd5 e5 42. fxe5 dxe5 43. Ke4 Ke6 44. Ne3 Bg5 45. Nd1 Kd6 46. Ne3 Bxe3
47. Kxe3 g5 48. Kf3 Kd5 49. h4 gxh4 50. g5 e4+ 51. Kf4 h3 52. g6 Ke6 53. Kg5 h2
54. g7 Kf7 0-1

[Event "77. ljubljanska liga 2025"]
[Site "Gostovanja"]
[Date "2025.03.13"]
[Round "6.2"]
[White "Ivanec, Dezider"]
[Black "Furlan, Miha"]
[Result "1/2-1/2"]
[WhiteElo "2056"]
[BlackElo "2183"]
[PlyCount "128"]
[EventDate "2025.01.16"]
[WhiteTeam "DRUSTVO KPSRD KAREL JERAJ"]
[BlackTeam "SK TREBNJE BMP"]

1. c4 c6 2. Nc3 d5 3. e3 Nf6 4. Nf3 e6 5. b3 Bd6 6. Bb2 O-O 7. Be2 b6 8. O-O
Bb7 9. cxd5 exd5 10. Nd4 Re8 11. Nf5 Bf8 12. Bd3 Nbd7 13. f4 g6 14. Ng3 Nc5 15.
Be2 d4 16. exd4 Qxd4+ 17. Kh1 Nd3 18. Bxd3 Qxd3 19. f5 Bg7 20. Rf3 Qd6 21. fxg6
hxg6 22. Qf1 Qe7 23. Nce2 Nh5 24. Bxg7 Nxg7 25. Nf4 c5 26. Re3 Qd6 27. Qf2 Rad8
28. d3 Rxe3 29. Qxe3 Qd4 30. Re1 Qxe3 31. Rxe3 Kf8 32. Kg1 a5 33. Kf2 Rd4 34.
Nge2 Rb4 35. d4 cxd4 36. Rh3 Nf5 37. Rh8+ Kg7 38. Rb8 Be4 39. g4 Ne3 40. h3
Nd1+ 41. Ke1 Nc3 42. Rd8 Nxe2 43. Nxe2 d3 44. Nc3 f5 45. g5 Bg2 46. Rxd3 Rh4
47. Rd7+ Kf8 48. Rd6 Rxh3 49. Ne2 Be4 50. Rxg6 b5 51. Ra6 a4 52. bxa4 bxa4 53.
Rxa4 Re3 54. Kd2 Rd3+ 55. Kc1 Rf3 56. Ra7 Re3 57. Nd4 Rg3 58. Kb2 Kg8 59. Ne6
Bd5 60. Nf4 Bf7 61. g6 Bxg6 62. Nxg6 Rxg6 63. Kc3 Kf8 64. Kd4 Rg2 1/2-1/2

[Event "77. ljubljanska liga 2025"]
[Site "Gostovanja"]
[Date "2025.03.13"]
[Round "6.2"]
[White "Marinsek, Tomaz"]
[Black "Butala, Marjan"]
[Result "1-0"]
[WhiteElo "2106"]
[BlackElo "1916"]
[PlyCount "87"]
[EventDate "2025.01.16"]
[WhiteTeam "SK TREBNJE BMP"]
[BlackTeam "DRUSTVO KPSRD KAREL JERAJ"]

1. e4 d6 2. d4 Nf6 3. Nc3 g6 4. Nf3 Bg7 5. Be2 O-O 6. Bg5 c6 7. Qd2 Qc7 8. Bh6
Nbd7 9. h3 b5 10. a3 a6 11. Qg5 e5 12. Rd1 Re8 13. O-O Nb6 14. dxe5 dxe5 15.
Bxg7 Kxg7 16. Nh4 Qe7 17. Qe3 Nc4 18. Bxc4 bxc4 19. Na4 Rb8 20. Rd2 Nh5 21. Nf3
h6 22. Kh2 Rb5 23. Rfd1 Qf6 24. Rd6 Qf4+ 25. Qxf4 exf4 26. Rxc6 Bb7 27. Rxc4
Rxe4 28. Rxe4 Bxe4 29. Nd4 Rg5 30. f3 Bb7 31. b4 Nf6 32. Nc5 Bc8 33. c4 Re5 34.
Nd3 Re3 35. a4 g5 36. b5 axb5 37. axb5 Kg6 38. Rd2 Nd7 39. Ne2 Re8 40. c5 Nxc5
41. Nxc5 Re5 42. Rd6+ Kg7 43. Rc6 Bf5 44. Nd4 1-0

[Event "77. ljubljanska liga 2025"]
[Site "Gostovanja"]
[Date "2025.03.13"]
[Round "6.2"]
[White "Mlacnik, Janez"]
[Black "Ivanusa, Blaz"]
[Result "0-1"]
[WhiteElo "1885"]
[BlackElo "2058"]
[PlyCount "78"]
[EventDate "2025.01.16"]
[WhiteTeam "DRUSTVO KPSRD KAREL JERAJ"]
[BlackTeam "SK TREBNJE BMP"]

1. d4 d5 2. Nf3 Nf6 3. e3 e6 4. Nbd2 c5 5. c3 Be7 6. Bd3 b6 7. Qe2 O-O 8. O-O
Nbd7 9. Re1 Bb7 10. e4 dxe4 11. Nxe4 cxd4 12. Nxd4 Nxe4 13. Bxe4 Bxe4 14. Qxe4
Nc5 15. Qf3 Bf6 16. Nb3 Nd3 17. Rd1 Ne5 18. Qe2 Qc8 19. Nd2 Qc6 20. Ne4 Be7 21.
Bf4 Ng6 22. Bd6 Rfd8 23. Bxe7 Nxe7 24. Rd3 Rxd3 25. Qxd3 h6 26. Rd1 Nd5 27. c4
Nb4 28. Qf3 f5 29. Qb3 Na6 30. Nc3 Rc8 31. Rd4 e5 32. Rd5 Qxc4 33. Qxc4 Rxc4
34. Rxe5 Nb4 35. Kf1 Nd3 36. Rxf5 Nxb2 37. Nb5 Ra4 38. Nc3 Ra3 39. Rb5 Nc4 0-1

[Event "77. ljubljanska liga 2025"]
[Site "Gostovanja"]
[Date "2025.03.13"]
[Round "6.2"]
[White "Mejak, George"]
[Black "Cizman, Gregor"]
[Result "1-0"]
[WhiteElo "2038"]
[BlackElo "1685"]
[PlyCount "65"]
[EventDate "2025.01.16"]
[WhiteTeam "SK TREBNJE BMP"]
[BlackTeam "DRUSTVO KPSRD KAREL JERAJ"]

1. d4 d5 2. c4 c6 3. Nc3 Nf6 4. Nf3 e6 5. Bg5 Be7 6. e3 Nbd7 7. Rc1 O-O 8. h3
h6 9. Bf4 Re8 10. a3 Nf8 11. c5 Ng6 12. Bh2 Nd7 13. Bd3 Bf6 14. Bxg6 fxg6 15.
e4 Nf8 16. O-O Bd7 17. Bd6 Nh7 18. Ne5 Bxe5 19. dxe5 Ng5 20. f4 Nf7 21. Qd3 Kh7
22. Rce1 Qh4 23. Kh2 Nh8 24. g3 Qd8 25. Nd1 Nf7 26. Ne3 Qa5 27. b4 Qa4 28. Nc2
a6 29. Nd4 Ra7 30. f5 gxf5 31. exf5 Kg8 32. f6 Nxd6 33. Qg6 1-0

[Event "77. ljubljanska liga 2025"]
[Site "Gostovanja"]
[Date "2025.03.13"]
[Round "6.3"]
[White "Krupenko, Peter"]
[Black "Debevec, Blaz"]
[Result "0-1"]
[WhiteElo "1978"]
[BlackElo "2136"]
[PlyCount "114"]
[EventDate "2025.01.16"]
[WhiteTeam "SK TRZIN BUSCOTRADE"]
[BlackTeam "SD DOMZALE"]

1. c4 g6 2. Nf3 Nf6 3. Nc3 Bg7 4. g3 O-O 5. Bg2 c5 6. d4 cxd4 7. Nxd4 Nc6 8.
Nb3 d6 9. O-O Na5 10. Nxa5 Qxa5 11. a3 Be6 12. Nd5 Nxd5 13. cxd5 Bd7 14. b4 Qa4
15. Ra2 Qxd1 16. Rxd1 Ba4 17. Rf1 Bc3 18. Bh6 Rfc8 19. Bh3 f5 20. Raa1 Bxa1 21.
Rxa1 Rc2 22. e4 Bd7 23. Re1 Kf7 24. Bg5 Re8 25. Be3 Rec8 26. Bg5 h6 27. Be3 e5
28. dxe6+ Bxe6 29. Bg2 b6 30. Bxh6 R8c3 31. exf5 gxf5 32. a4 Ra3 33. a5 Rca2
34. axb6 axb6 35. Bc6 Ra1 36. Rxa1 Rxa1+ 37. Kg2 Rb1 38. Bd2 Rb2 39. Be1 Re2
40. Kf1 Rc2 41. Bb7 d5 42. Ba6 d4 43. Bd3 Bc4 44. Bxc4+ Rxc4 45. Ke2 Ke6 46.
Kd3 Kd5 47. f3 Rc1 48. Bd2 Rf1 49. Ke2 Rh1 50. h4 Rh2+ 51. Ke1 Kc4 52. Bg5 Kxb4
53. g4 fxg4 54. fxg4 Kc3 55. Bf6 Kd3 56. h5 Ke3 57. Kf1 Rf2+ 0-1

[Event "77. ljubljanska liga 2025"]
[Site "Gostovanja"]
[Date "2025.03.13"]
[Round "6.3"]
[White "Markosek, Bine"]
[Black "Krumpak, Hinko"]
[Result "1-0"]
[WhiteElo "2070"]
[BlackElo "1962"]
[PlyCount "67"]
[EventDate "2025.01.16"]
[WhiteTeam "SD DOMZALE"]
[BlackTeam "SK TRZIN BUSCOTRADE"]

1. e4 d5 2. exd5 Qxd5 3. Nc3 Qd6 4. d4 Nf6 5. Bc4 a6 6. Nf3 b5 7. Bb3 Nc6 8.
Ne2 Na5 9. Bf4 Qb6 10. O-O Nxb3 11. axb3 Bb7 12. Ne5 e6 13. c4 c5 14. b4 cxd4
15. c5 Qd8 16. c6 Bc8 17. Nxd4 Nd5 18. Bg3 Bxb4 19. Nxb5 O-O 20. Qf3 Qb6 21.
Nc3 Bxc3 22. bxc3 f6 23. Nd7 Bxd7 24. cxd7 Ne7 25. Rab1 Qc5 26. Qg4 Qc6 27.
Rfd1 Nf5 28. Qb4 Nxg3 29. hxg3 Rfd8 30. Qe7 e5 31. Rb4 a5 32. Rg4 g6 33. Rd6
Qxc3 34. Qe6+ 1-0

[Event "77. ljubljanska liga 2025"]
[Site "Gostovanja"]
[Date "2025.03.13"]
[Round "6.3"]
[White "Rijavec, Stane"]
[Black "Skok, Joze"]
[Result "1/2-1/2"]
[WhiteElo "1889"]
[BlackElo "1947"]
[PlyCount "77"]
[EventDate "2025.01.16"]
[WhiteTeam "SK TRZIN BUSCOTRADE"]
[BlackTeam "SD DOMZALE"]

1. Nf3 d5 2. d4 Nf6 3. Bf4 c5 4. e3 cxd4 5. exd4 Qb6 6. b3 Nc6 7. Be2 g6 8. O-O
Bg7 9. Nc3 a6 10. Na4 Qa5 11. Ne5 O-O 12. c4 Nxe5 13. Bxe5 Bd7 14. Nc5 Bc6 15.
Qe1 Qxe1 16. Rfxe1 b6 17. Nxa6 Rxa6 18. cxd5 Bb7 19. Bxa6 Bxa6 20. d6 Re8 21.
dxe7 Rxe7 22. Rac1 Nd5 23. Bxg7 Kxg7 24. Rxe7 Nxe7 25. f3 Kf6 26. Kf2 Ke6 27.
g4 Kd6 28. a3 Nc6 29. Ke3 Kd5 30. b4 Bc4 31. a4 Nxb4 32. Rb1 Nc2+ 33. Kf2 Nxd4
34. Rxb6 Kc5 35. Rb8 Bd5 36. f4 Ne6 37. Kg3 Nd4 38. Kf2 Ne6 39. Kg3 1/2-1/2

[Event "77. ljubljanska liga 2025"]
[Site "Gostovanja"]
[Date "2025.03.13"]
[Round "6.3"]
[White "Skube, Zan"]
[Black "Borstnik, Ales"]
[Result "1-0"]
[WhiteElo "1877"]
[BlackElo "1834"]
[PlyCount "67"]
[EventDate "2025.01.16"]
[WhiteTeam "SD DOMZALE"]
[BlackTeam "SK TRZIN BUSCOTRADE"]

1. e4 c5 2. c3 d6 3. d4 cxd4 4. cxd4 e6 5. Nc3 Nf6 6. Nf3 Be7 7. Bd3 O-O 8. O-O
Nc6 9. Bg5 h6 10. Bh4 Nh5 11. Bg3 Nxg3 12. hxg3 Qb6 13. Na4 Qa5 14. a3 b5 15.
Nc3 b4 16. Nb5 a6 17. axb4 Qb6 18. e5 dxe5 19. Nxe5 Nxb4 20. Be4 Rb8 21. Nc3
Rd8 22. Qh5 Rf8 23. d5 Bf6 24. Ng4 Bg5 25. Kh1 exd5 26. Nxd5 Nxd5 27. Bxd5 Qd4
28. Bf3 Rxb2 29. Kg1 Rb4 30. Rad1 Qb6 31. Ne5 Qb5 32. Nc6 Rc4 33. Na7 Qb7 34.
Bxb7 1-0

[Event "77. ljubljanska liga 2025"]
[Site "Gostovanja"]
[Date "2025.03.13"]
[Round "6.4"]
[White "Veskovic, Dzemal"]
[Black "Lanjscek, Miha"]
[Result "1-0"]
[WhiteElo "1876"]
[BlackElo "1836"]
[PlyCount "89"]
[EventDate "2025.01.16"]
[WhiteTeam "SD MENGES - TRZIN"]
[BlackTeam "SK TRZIN"]

1. e4 c5 2. Nc3 a6 3. Nf3 b5 4. d4 cxd4 5. Nxd4 Bb7 6. a3 e6 7. Be2 Bc5 8. Be3
Qc7 9. O-O Nf6 10. Ndxb5 axb5 11. Nxb5 Qb6 12. Bxc5 Qxc5 13. Nd6+ Ke7 14. Nxb7
Qc7 15. e5 Qxe5 16. b4 Rc8 17. Bf3 Ra7 18. Nc5 Qc7 19. Qd4 Nc6 20. Bxc6 dxc6
21. Ne4 Nxe4 22. Qxe4 h6 23. Qd4 Kf8 24. Qc5+ Kg8 25. Rfd1 Qb7 26. a4 Rca8 27.
a5 Rb8 28. c3 Ra6 29. g3 Qb5 30. Qxb5 Rxb5 31. Rd8+ Kh7 32. Rc8 Kg6 33. Rc7 Kf6
34. Rd1 c5 35. bxc5 Raxa5 36. c6 Rd5 37. Rb1 Rdb5 38. Rb4 g5 39. Rc4 Rc5 40.
Rb4 Rab5 41. h3 Rf5 42. Kg2 Kg6 43. Rc8 Rbc5 44. c7 Rxc3 45. Rg8+ 1-0

[Event "77. ljubljanska liga 2025"]
[Site "Gostovanja"]
[Date "2025.03.13"]
[Round "6.4"]
[White "Konvalinka, Kostja"]
[Black "Sedlar, Tomo"]
[Result "0-1"]
[WhiteElo "1743"]
[BlackElo "1888"]
[PlyCount "158"]
[EventDate "2025.01.16"]
[WhiteTeam "SK TRZIN"]
[BlackTeam "SD MENGES - TRZIN"]

1. e4 e5 2. Nf3 Nc6 3. Bc4 Bc5 4. c3 d6 5. d4 exd4 6. cxd4 Bb4+ 7. Nc3 Nf6 8.
O-O O-O 9. Bg5 Bg4 10. Nd5 Ba5 11. h3 Bh5 12. e5 dxe5 13. dxe5 Bxf3 14. Bxf6
Bxd1 15. Bxd8 Raxd8 16. Raxd1 Nxe5 17. Ne3 Bb6 18. Bd5 c6 19. Nc4 Bc7 20. Rfe1
Ng6 21. Be4 f6 22. Ne3 Rfe8 23. Bc2 Rxd1 24. Rxd1 Rd8 25. Nf5 Rxd1+ 26. Bxd1
Kf8 27. Kf1 Ne5 28. Ke2 g6 29. Ne3 Ke7 30. Bb3 b5 31. f4 Nd7 32. g3 Nc5 33. Bg8
Kf8 34. Bb3 Nxb3 35. axb3 Ke7 36. b4 Bb6 37. Nc2 Kd6 38. Kd3 Kd5 39. g4 Bf2 40.
Ke2 Bg1 41. Kd3 Bf2 42. b3 Bb6 43. Ne1 Bd8 44. Ng2 Bb6 45. Ne1 a5 46. bxa5 Bxa5
47. Nc2 Bc7 48. Nb4+ Kc5 49. Na6+ Kb6 50. Nxc7 Kxc7 51. b4 Kd6 52. Kd4 h6 53.
h4 f5 54. gxf5 gxf5 55. h5 c5+ 56. bxc5+ Kc6 57. Ke5 b4 58. Kxf5 b3 59. Kg6 b2
60. Kxh6 b1=Q 61. Kg7 Qf5 62. h6 Qg4+ 63. Kh8 Qc8+ 64. Kg7 Qd7+ 65. Kg8 Qe6+
66. Kg7 Qe7+ 67. Kg8 Qe6+ 68. Kg7 Qg4+ 69. Kh8 Qxf4 70. Kh7 Qf8 71. Kg6 Qh8 72.
h7 Kxc5 73. Kf7 Qxh7+ 74. Kf6 Qh5 75. Ke6 Qg5 76. Kd7 Qf6 77. Ke8 Qg7 78. Kd8
Kd6 79. Kc8 Qc7# 0-1

[Event "77. ljubljanska liga 2025"]
[Site "Gostovanja"]
[Date "2025.03.13"]
[Round "6.4"]
[White "Simicak, Metod"]
[Black "Banko, Franci"]
[Result "1-0"]
[WhiteElo "1859"]
[BlackElo "1636"]
[PlyCount "119"]
[EventDate "2025.01.16"]
[WhiteTeam "SD MENGES - TRZIN"]
[BlackTeam "SK TRZIN"]

1. e4 c5 2. Nc3 Nc6 3. Nf3 e5 4. Bb5 d6 5. h3 a6 6. Bxc6+ bxc6 7. b3 Nf6 8. d3
Be7 9. a4 a5 10. O-O O-O 11. Bd2 Be6 12. Qe2 Qc8 13. Nh2 Bxh3 14. gxh3 Qxh3 15.
Qf3 Qd7 16. Ne2 d5 17. Qf5 Qxf5 18. exf5 e4 19. dxe4 Nxe4 20. Bf4 f6 21. Kg2 g6
22. fxg6 hxg6 23. f3 Nd6 24. Bxd6 Bxd6 25. Ng3 f5 26. Rae1 Rae8 27. Rxe8 Rxe8
28. Rf2 Bc7 29. Re2 Re5 30. Nhf1 f4 31. Rxe5 Bxe5 32. Ne2 Kf7 33. Kh3 c4 34.
bxc4 dxc4 35. Kg4 Kf6 36. Nxf4 g5 37. Nh5+ Kg6 38. Ne3 c3 39. Nc4 Bc7 40. Ng3
Kf6 41. Ne4+ Ke6 42. Nxc3 Bf4 43. Ne4 Bc7 44. Kxg5 Kd5 45. Ncd2 Kd4 46. f4 c5
47. Kf5 c4 48. c3+ Kd3 49. Nf3 Ke3 50. Ne5 Bd8 51. Nxc4+ Kf3 52. Ncd6 Ke3 53.
Ke5 Bc7 54. f5 Kd3 55. f6 Bxd6+ 56. Nxd6 Kxc3 57. f7 Kb4 58. f8=Q Kxa4 59. Qf4+
Kb3 60. Qc4+ 1-0

[Event "77. ljubljanska liga 2025"]
[Site "Gostovanja"]
[Date "2025.03.13"]
[Round "6.5"]
[White "Medvesek, Janez"]
[Black "Babarovic, Fran"]
[Result "1/2-1/2"]
[WhiteElo "1940"]
[BlackElo "1788"]
[PlyCount "204"]
[EventDate "2025.01.16"]
[WhiteTeam "SK VISNJA GORA - STICNA"]
[BlackTeam "SK KOMENDA POGI"]

1. d4 d5 2. c4 c6 3. Nc3 Nf6 4. Nf3 e6 5. Bg5 Nbd7 6. e3 Be7 7. Qc2 O-O 8. Bd3
dxc4 9. Bxc4 b5 10. Bd3 Bb7 11. O-O a6 12. Bxf6 Nxf6 13. Ne4 h6 14. Ne5 Rc8 15.
Nc5 Bxc5 16. Qxc5 Qd5 17. Rfc1 Qxc5 18. Rxc5 Rfd8 19. Rac1 Rd6 20. b4 Nd5 21.
a3 f6 22. Nf3 Nb6 23. Be4 Na4 24. R5c2 Nb6 25. Nd2 Rc7 26. Bf3 Nd5 27. Ne4 Rd8
28. Nc5 Bc8 29. h3 Kf7 30. Nb3 Bd7 31. Bxd5 exd5 32. Nc5 Bc8 33. Rc3 Ra7 34.
Nb3 Bd7 35. Na5 Rc8 36. Nxc6 Raa8 37. Na5 Rxc3 38. Rxc3 Rc8 39. Rc5 Ke6 40. Nb3
Kd6 41. Rxc8 Bxc8 42. Kh2 Kc6 43. Kg3 Bf5 44. h4 Kb6 45. Kf4 Bc2 46. Nc5 a5 47.
g4 axb4 48. axb4 g5+ 49. Kg3 Kc6 50. f4 Kd6 51. hxg5 hxg5 52. f5 Be4 53. Ne6
Bc2 54. Kf2 Bd1 55. Kg3 Bc2 56. Ng7 Ke7 57. Nh5 Bd1 58. Kh3 Bf3 59. Ng3 Be4 60.
Ne2 Kd6 61. Kg3 Kc6 62. Kf2 Kd6 63. Nc3 Kc6 64. Nd1 Kd6 65. Ke2 Kc6 66. Nc3 Kb6
67. Ke1 Kc6 68. Nd1 Kd6 69. Kd2 Kc6 70. Nf2 Kd6 71. Nd1 Kc6 72. Kc3 Kd6 73. Nf2
Kc6 74. Kb3 Kd6 75. Kb2 Kc6 76. Kc3 Kd6 77. Kd2 Kc6 78. Nd1 Bf3 79. Nf2 Be4 80.
Ke2 Kd6 81. Nd3 Kc6 82. Nc5 Kd6 83. Ne6 Bc2 84. Ng7 Ke7 85. Nh5 Be4 86. Kf2 Bc2
87. Ke1 Be4 88. Ke2 Bc2 89. Ng7 Be4 90. Ne6 Kd6 91. Nd8 Kd7 92. Nb7 Kc7 93. Na5
Kb6 94. Nb3 Kc6 95. Nc1 Kd6 96. Nb3 Kc6 97. Nd2 Kd6 98. Nf1 Kc6 99. Ng3 Kd6
100. Nf1 Kc6 101. Nd2 Kd6 102. Kd1 Bd3 1/2-1/2

[Event "77. ljubljanska liga 2025"]
[Site "Gostovanja"]
[Date "2025.03.13"]
[Round "6.5"]
[White "Macek, Inti"]
[Black "Pisek, Igor"]
[Result "1/2-1/2"]
[WhiteElo "1697"]
[BlackElo "1808"]
[PlyCount "55"]
[EventDate "2025.01.16"]
[WhiteTeam "SK KOMENDA POGI"]
[BlackTeam "SK VISNJA GORA - STICNA"]

1. d4 d5 2. Nf3 Nc6 3. c4 e6 4. Nc3 Nf6 5. Bg5 Be7 6. e3 O-O 7. Rc1 Re8 8. Bd3
Nb4 9. Bb1 dxc4 10. Ne5 Nd3+ 11. Nxd3 cxd3 12. Qxd3 g6 13. h4 Nd5 14. Bxe7 Qxe7
15. h5 c6 16. hxg6 hxg6 17. Qe4 f5 18. Qe5 Qg7 19. Qg3 e5 20. Nxd5 cxd5 21.
dxe5 Rxe5 22. Qg5 Be6 23. Rh6 Bf7 24. Rc7 b5 25. Bd3 a6 26. Rd7 Rae8 27. Rh4
Kf8 28. Rd4 1/2-1/2

[Event "77. ljubljanska liga 2025"]
[Site "Gostovanja"]
[Date "2025.03.13"]
[Round "6.5"]
[White "Jancigaj, Saso Valentin"]
[Black "Poglajen, Franc"]
[Result "1/2-1/2"]
[WhiteElo "1786"]
[BlackElo "1826"]
[PlyCount "90"]
[EventDate "2025.01.16"]
[WhiteTeam "SK VISNJA GORA - STICNA"]
[BlackTeam "SK KOMENDA POGI"]

1. f4 d5 2. Nf3 c5 3. e3 Nc6 4. c3 Nf6 5. d4 cxd4 6. cxd4 Bf5 7. Nc3 e6 8. Bb5
Bd6 9. Qa4 Qb6 10. O-O O-O 11. Bxc6 bxc6 12. Ne5 Rfc8 13. Qd1 Ne4 14. Nd7 Qc7
15. Nxe4 Qxd7 16. Nxd6 Qxd6 17. Bd2 c5 18. Bc3 f6 19. a3 c4 20. g4 Be4 21. Qe1
f5 22. h3 Rab8 23. Qg3 Rb7 24. Rf2 Rcc7 25. Kh2 Rf7 26. Rg1 Qd8 27. g5 Rfd7 28.
g6 h6 29. h4 Rb3 30. Qh3 Rdb7 31. Ra1 Qb8 32. Qf1 Qd8 33. Kh3 Qf6 34. h5 Qd8
35. Qd1 Qb8 36. Rc1 Qe8 37. Kg3 Qa4 38. Qg1 Kf8 39. Qh2 Ke8 40. Qg1 Qd7 41. Qe1
Qa4 42. Ra1 R7b6 43. Kh3 Rb7 44. Qd2 R7b6 45. Qe1 Rb7 1/2-1/2

[Event "77. ljubljanska liga 2025"]
[Site "Gostovanja"]
[Date "2025.03.13"]
[Round "6.5"]
[White "Cimperman, Teo"]
[Black "Ivanjko, Zan"]
[Result "1-0"]
[WhiteElo "1663"]
[BlackElo "1755"]
[PlyCount "106"]
[EventDate "2025.01.16"]
[WhiteTeam "SK KOMENDA POGI"]
[BlackTeam "SK VISNJA GORA - STICNA"]

1. e4 e6 2. c4 b6 3. Nc3 Bb7 4. d4 Bb4 5. d5 Qe7 6. Be3 Nf6 7. e5 Ne4 8. Qd3
Bxc3+ 9. bxc3 exd5 10. cxd5 Qxe5 11. Bd4 Qxd5 12. Be2 Nc5 13. Qe3+ Qe6 14. Nf3
Qxe3 15. fxe3 Ne6 16. O-O f6 17. c4 O-O 18. Nh4 Nxd4 19. exd4 d5 20. Nf5 Re8
21. Bd3 Ba6 22. Rac1 Nc6 23. Rf4 Na5 24. h4 Bxc4 25. Bxc4 Nxc4 26. h5 Re4 27.
Rxe4 dxe4 28. Rxc4 g6 29. hxg6 hxg6 30. Ne3 Rc8 31. Nd5 Kf7 32. Rxc7+ Rxc7 33.
Nxc7 Ke7 34. Kf2 f5 35. Ke3 Kd7 36. Nb5 a6 37. Nc3 Kd6 38. Kf4 b5 39. a3 a5 40.
Nxb5+ Kd5 41. a4 Kc4 42. Ke3 Kd5 43. Nc3+ Ke6 44. Ne2 g5 45. g4 f4+ 46. Kxe4
Kf6 47. Ng1 Ke6 48. d5+ Kf6 49. Nf3 Kg6 50. Ke5 Kf7 51. d6 Ke8 52. Ke6 Kd8 53.
d7 Kc7 1-0

[Event "77. ljubljanska liga 2025"]
[Site "Gostovanja"]
[Date "2025.03.13"]
[Round "6.6"]
[White "Sajovic, Marko"]
[Black "Trebeznik, Luka"]
[Result "1/2-1/2"]
[WhiteElo "2054"]
[BlackElo "1983"]
[PlyCount "99"]
[EventDate "2025.01.16"]
[WhiteTeam "SK MEDVODE"]
[BlackTeam "SK RUDAR TRBOVLJE"]

1. e4 d6 2. d4 Nf6 3. Bd3 e5 4. c3 c6 5. Ne2 Be7 6. O-O O-O 7. f4 Nbd7 8. Nd2
Qc7 9. Nf3 b5 10. a4 Rb8 11. axb5 cxb5 12. Kh1 d5 13. fxe5 dxe4 14. exf6 Nxf6
15. Bf4 Bd6 16. Bxd6 Qxd6 17. Rxa7 Bb7 18. Ne5 exd3 19. Qxd3 b4 20. c4 Rfe8 21.
c5 Qd8 22. Qf5 Qd5 23. Qf2 Ne4 24. Qxf7+ Qxf7 25. Rxf7 Rxe5 26. Rfxb7 Rxb7 27.
Rxb7 Nf2+ 28. Kg1 Rxe2 29. c6 Ne4 30. h3 Rc2 31. d5 Kf8 32. Rxb4 Nd6 33. Rb8+
Ke7 34. Rg8 Kf6 35. b4 Rb2 36. Rd8 Ke5 37. Rd7 g6 38. c7 Rc2 39. Rxh7 Kxd5 40.
Rg7 Rc6 41. Rxg6 Rxc7 42. Rg4 Ne4 43. Rf4 Ke5 44. Rh4 Rc1+ 45. Kh2 Rb1 46. b5
Kf5 47. Rh5+ Kf4 48. Rh4+ Ke3 49. Rh5 Kf4 50. Rh4+ 1/2-1/2

[Event "77. ljubljanska liga 2025"]
[Site "Gostovanja"]
[Date "2025.03.13"]
[Round "6.6"]
[White "Kotar, Joze"]
[Black "Porenta, Matija"]
[Result "1-0"]
[WhiteElo "1847"]
[BlackElo "1841"]
[PlyCount "75"]
[EventDate "2025.01.16"]
[WhiteTeam "SK RUDAR TRBOVLJE"]
[BlackTeam "SK MEDVODE"]

1. f4 Nf6 2. Nf3 d5 3. e3 e6 4. b3 g6 5. Bb2 Bg7 6. Be2 c5 7. O-O O-O 8. d3 Nc6
9. h3 b6 10. Nbd2 Bb7 11. a3 Re8 12. Ne5 Qc7 13. Ndf3 Nd7 14. d4 f6 15. Nxc6
Bxc6 16. Qd2 Rad8 17. Rac1 Qd6 18. a4 Bf8 19. Bb5 Bb7 20. dxc5 bxc5 21. Bxd7
Rxd7 22. Bxf6 Qb6 23. Ne5 Rc7 24. Ng4 Bg7 25. Rfd1 h5 26. Bxg7 hxg4 27. Be5 Rh7
28. hxg4 Kf7 29. Kf2 Re7 30. Rh1 Ke8 31. Qd3 Rxh1 32. Rxh1 Qb4 33. Qxg6+ Kd7
34. Qd3 Kc6 35. Qb5+ Qxb5 36. axb5+ Kxb5 37. g5 Bc6 38. g6 1-0

[Event "77. ljubljanska liga 2025"]
[Site "Gostovanja"]
[Date "2025.03.13"]
[Round "6.6"]
[White "Krupenko, Katja"]
[Black "Kosir, Jaka"]
[Result "0-1"]
[WhiteElo "1711"]
[BlackElo "1607"]
[PlyCount "86"]
[EventDate "2025.01.16"]
[WhiteTeam "SK MEDVODE"]
[BlackTeam "SK RUDAR TRBOVLJE"]

1. d4 d5 2. c4 c6 3. Nc3 Nf6 4. Nf3 Bf5 5. cxd5 cxd5 6. Qb3 Qb6 7. Qxb6 axb6 8.
Bf4 e6 9. a3 Bb4 10. Rc1 Bxc3+ 11. Rxc3 O-O 12. e3 Na6 13. Bxa6 bxa6 14. O-O h6
15. Rfc1 b5 16. Ne5 Ne4 17. Rc7 Nd2 18. b4 Nc4 19. Rc3 a5 20. bxa5 Rxa5 21. Nc6
Ra4 22. Ne7+ Kh7 23. Nxf5 exf5 24. h3 g5 25. Be5 Nxe5 26. dxe5 Rc4 27. Rc5 Ra8
28. R3xc4 dxc4 29. Rxb5 Rxa3 30. Rc5 Rc3 31. g4 fxg4 32. hxg4 Rc1+ 33. Kg2 c3
34. Kf3 c2 35. Rc6 Kg7 36. Ke4 Rg1 37. Rxc2 Rxg4+ 38. Kf5 Rg2 39. Ke4 g4 40.
Kf4 h5 41. Kg5 g3 42. Rc1 gxf2+ 43. Kxh5 Rg1 0-1